Historia de la Revolución Mexicana, periodo 1924-1928 : Estado y sociedad con Calles /

Revisión de la vida en México durante los sesenta primeros años del siglo XX. Se narran y definen las acciones económicas, políticas, sociales e intelectuales más influyentes y duraderas del período, y se ubica la Revolución Mexicana en el conjunto de las revoluciones del siglo XX. La obra en su edi...

詳細記述

保存先:
書誌詳細
第一著者: Meyer, Jean (autor)
その他の著者: Krauze, Enrique (autor) (autor), Reyes, Cayetano (autor) (autor), González y González, Luis (coordinación) (coordinación), Cosío Villegas, Daniel (dirección) (dirección)
フォーマット: 図書
言語:スペイン語
出版事項: México : El Colegio de México, 1977, c1977
主題:
タグ: タグ追加
タグなし, このレコードへの初めてのタグを付けませんか!

MARC

LEADER 00000nam^a2200000^a^4500
001 000578691
005 20250521000000.0
009 20260310132514.14
037 |a Acervo Xavier Clavigero 
041 |a ESP 
082 |a 972. 06  |b HIS V. 11 
100 |a Meyer, Jean  |e (autor) 
240 1 1 |a [Historia de la Revolución Mexicana] 
240 1 1 |a [Historia de la Revolución Mexicana: 1924-1928] 
240 1 1 |a [Historia de la Revolución Mexicana: 1924-1928: Estado y sociedad con Calles] 
245 1 0 |a Historia de la Revolución Mexicana, periodo 1924-1928 :  |b Estado y sociedad con Calles /  |c J. Meyer, E. Krauze, C. Reyes ; coord. de L. González y González ; dir. de D. Cosío Villegas. 
264 4 |a México :  |b El Colegio de México,  |c 1977, c1977 
300 |a IX, 371 p. 
336 |a texto  |b txt  |2 rdacontenido 
337 |a sin mediación  |b n  |2 rdamedio 
338 |a volumen  |b nc  |2 rdasoporte 
520 |a Revisión de la vida en México durante los sesenta primeros años del siglo XX. Se narran y definen las acciones económicas, políticas, sociales e intelectuales más influyentes y duraderas del período, y se ubica la Revolución Mexicana en el conjunto de las revoluciones del siglo XX. La obra en su edición original se dividió en ocho periodos (de 1911 a 1960), estudiados en un total de veintitrés volúmenes, aunque los tres correspondientes al período inicial nunca fueron escritos, lo que mismo que el corresponidente al volumen 9. La segunda edición, en realidad una nueva versión de la primera, se organizó en ocho volúmenes no sólo de mayor grosor, sino con perspectivas historiográficas nuevas y resarciendo los contenidos faltantes de la primera edición. 
649 |a XX 
650 |a Estado, El -  |z México -  |x Historia 
650 |a Agrarismo 
650 |a Política Agraria 
650 |a Relaciones Internacionales -  |z México-EUA 
650 |a Política Exterior -  |z México -  |x Historia -  |y Régimen Callista, 1924-1928 
650 |a Guerra Cristera 
650 |a Política y Religión 
650 |a Iglesia Católica en México 
650 |a Política -  |z México -  |x Historia -  |y Régimen Callista, 1924-1928 
650 |a México -  |x Historia -  |y Revolución, 1910-1917 
650 |a México -  |x Historia -  |y 1910-1946 
700 |a Krauze, Enrique  |e (autor) 
700 |a Reyes, Cayetano  |e (autor) 
700 |a González y González, Luis  |e (coordinación) 
700 |a Cosío Villegas, Daniel  |e (dirección) 
910 |a Fondo General 
920 |a Impresos - Libros 
930 |a Colección General 
905 |a 101 
901 |a 004816  |b IT1  |c ACC  |i D  |u 20250521 
901 |a 040338  |b IT1  |c ACC  |i D  |u 20250521 
901 |a 039544  |b IT1  |c ACC  |i D  |u 20250521 
901 |a 015046  |b IT1  |c ACC  |i D  |u 20250521 
901 |a 014855  |b IT1  |c ACC  |i D  |u 20250521 
901 |a 022179  |b IT1  |c ACC  |i D  |u 20250521 
901 |a 029207  |b IT1  |c ACC  |i D  |u 20250521 
902 |a https://opac.biblio.iteso.mx/vufind/Record/000578691